Will bank interest rate deregulation jeopardize economic growth? <a> case study of South Korea

Salvato in:
Dettagli Bibliografici
Autore principale: Dee, Philippa S.
Natura: Libro
Lingua:inglese
Pubblicazione: Kiel Institut für Weltwirtschaft 1984
Serie:Working Paper no. 203
Tags: Aggiungi Tag
Nessun Tag, puoi essere il primo ad aggiungerne!!

MARC

LEADER 00000nam a2200000 4500
001 c116523
005 20181203150339.7
041 0 |a eng 
044 |a DE 
245 1 0 |a Will bank interest rate deregulation jeopardize economic growth?  |b <a> case study of South Korea 
264 1 |a Kiel  |b Institut für Weltwirtschaft  |c 1984 
300 |a 33 s. 
490 1 |a Working Paper  |v no. 203 
830 0 |a Working Paper  |v no. 203 
100 1 |a Dee, Philippa S.